000
00226nam a22001217a 4500
040
_c
SK
082
_a
604
100
_a
MAYOCK F. B.
245
_a
Technical Drawing
260
_a
RUA
_b
MAY
_c
1993
300
_a
88p.
942
_c
EK
999
_c
8738
_d
8738